[Event "Amsterdam NH Hotels 5th"]
[Site "Amsterdam"]
[Date "2010.08.15"]
[Round "4"]
[White "Nielsen, Peter Heine"]
[Black "Howell, David"]
[Result "1-0"]
[WhiteElo "2700"]
[BlackElo "2616"]
[Annotator "Krasenkow,M"]
[PlyCount "103"]
[EventDate "2010.08.12"]
[EventType "schev"]
[EventRounds "10"]
[EventCountry "NED"]
[SourceTitle "CBM 138"]
[Source "ChessBase"]
[SourceDate "2010.09.17"]
[SourceVersion "1"]
[SourceVersionDate "2010.09.17"]
[SourceQuality "1"]

1. d4 Nf6 2. c4 g6 3. Nc3 d5 4. Bg5 Ne4 5. Bh4 Nxc3 6. bxc3 dxc4 7. e3 Be6 8.
Be2 Bg7 9. Nf3 c5 {This rare move deserves serious attention.} (9... O-O {or})
(9... Nd7 {are usually played.}) 10. O-O O-O (10... cxd4 11. Nxd4 Bd5 (11...
Bd7 12. Bxc4 Nc6 13. Bd5 O-O 14. Rb1 Qc7 15. Bg3 Qc8 16. Qb3 e6 17. Bf3 e5 18.
Nb5 $14 {1-0 Damljanovic,B (2551)-Bok,B (2360)/Arinsal 2009/CBM 131 Extra (45)}
) 12. e4 $1 Bc6 (12... Bxe4 13. Bxc4 $44 {[%cal Yf1e1]}) 13. Bxc4 O-O 14. Qb3
Qc7 15. Rfd1 e6 16. Bg3 Qa5 {1/2 Leitao,R (2601)-Lima,D (2466)/Sao Paulo 2006/
EXT 2007 (27)} 17. Bd6 Rd8 18. Nxc6 Nxc6 19. Qxb7 $14) 11. Rb1 {This move
should not be dangerous.} (11. Qc2 Nc6 12. dxc5 Bf5 13. Qb2 Be4 14. Nd2 Bd3 15.
Nxc4 Bxc3 16. Qxc3 Bxe2 17. Rfc1 Qd3 $11 {1/2 Enklaar,B-Robatsch,K (2460)/
Amsterdam 1972/MCL (39)}) (11. Qb1 Nc6 12. Qxb7 Bd5 13. Qb5 cxd4 14. Nxd4 Rb8
15. Qc5 Rc8 16. Nxc6 Rxc6 17. Qxa7 Qa8 18. Qxa8 Rxa8 19. Rfd1 e6 20. Rac1 f5
21. Bf3 $1 $11 {1/2 Harikrishna,P (2672)-Howell,D (2606)/Wijk aan Zee 2010/CBM
135 (51)}) (11. Ng5 $5 {is critical:} Bd5 (11... Bf5 $5 12. Bxc4 Nc6 13. Qb3 e6
14. Nf3 Qb6 15. Nd2 cxd4 16. cxd4 Rfc8 $11 {1-0 Harikrishna,P (2673)-Avrukh,B 
(2645)/Gibraltar 2009/CBM 128 Extra (38)}) 12. e4 Bc6 (12... h6 13. exd5 hxg5
14. Bxg5 cxd4 15. Bxc4 dxc3 (15... Qd6 $6 16. Re1 Re8 17. cxd4 Nd7 18. Rb1 Rac8
19. Qe2 Bf6 20. Bxf6 Nxf6 21. Rxb7 Nxd5 22. Bb3 $16 {1-0 Jianu,V (2533)
-Shishkin,V (2498)/Baia Sprie 2009/CBM 130 Extra (43)}) 16. Re1 $1 (16. Rc1 Qd6
(16... Qc7 $5) 17. Re1 Re8 18. Qe2 Kf8 19. Qf3 Nd7 20. Bf4 Qc5 (20... Qb4 $1
$15 {Mikhalchishin}) 21. Bb3 Kg8 $13 {1-0 Harikrishna,P (2659)-Svidler,P (2727)
/Dresden 2008/CBM 128/[Ftacnik] (27)}) 16... Qc7 (16... Bf6 17. Bxf6 {1/2
Banikas,H (2582)-Rodshtein,M (2650)/Budva 2009/CBM 130}) 17. Qg4 $5 $36 (17.
Qd3 $6 Nd7 18. Bxe7 Rfc8 19. Bb3 Ne5 20. Rxe5 Qxe5 21. d6 c2 22. Rc1 Rc3 23.
Qd2 Bf6 $17 {1/2 Vekshenkov,N (2432)-Sherbakov,R (2496)/Belgorod 2008/EXT 2010
(37)})) 13. d5 Bb5 14. a4 Ba6 15. Rc1 (15. Qd2 e6 16. Nf3 Qd6 17. e5 Qxd5 18.
Qe3 Nd7 19. Rfd1 Qc6 $15 {1-0 Gligoric,S (2600)-Portisch,L (2630)/Amsterdam
1971/MCL (41)}) (15. Qc2 $5 Qa5 16. Rfc1 Nd7 17. f4 h6 18. Nf3 $44 {1-0
Ivanisevic,I (2542)-Popovic,P (2508)/Herceg Novi 2005/CBM 106 ext (52)}) 15...
h6 16. Nh3 b5 17. axb5 Bxb5 18. f4 Nd7 19. Qe1 Nb6 20. f5 $44 {1-0 Langeweg,K 
(2390)-Roos,D (2350)/Metz 1987/EXT 2004 (37)}) 11... Nd7 $146 {The most
principled developing move but Black has some good alternatives.} (11... Qc7 $5
12. Qa4 Bf5 (12... Nd7 $143 13. e4 Nb6 14. Qa3 cxd4 15. Nxd4 Rfe8 16. Bg3 Qd7
17. Nb5 Rec8 18. Rfd1 Qc6 19. Qxe7 $16 {1-0 Rashkovsky,N-Zlotnik,B/Perm 1971/
EXT 2001 (53)}) 13. Rbc1 Bd3 14. Bxd3 cxd3 15. Qc4 e6 {1/2 Iljushin,A (2549)
-Maslak,K (2510)/Moscow 2008/CBM 122 Extra}) (11... cxd4 12. Nxd4 (12. cxd4 Qd7
13. Ng5 Bd5 14. e4 Bc6 15. Bxc4 Bxd4 16. Qb3 e5 17. Ne6 Bxe4 18. Nxf8 Kxf8 $13
{1/2 Leitao,R (2586)-Lima,D (2529)/Sao Paulo 2005/EXT 2006 (77)}) 12... Bd5 13.
Qc2 Qd7 14. e4 Bc6 15. Bxc4 Bxd4 16. cxd4 Qxd4 17. Rbd1 Qxe4 18. Qxe4 Bxe4 19.
Rfe1 Bf5 20. Bxe7 Re8 21. f3 Nc6 22. Bf6 Rxe1+ 23. Rxe1 Be6 24. Bxe6 Re8 25.
Bxf7+ Kxf7 {1/2 Moiseenko,A (2676)-Kurnosov,I (2602)/Moscow 2009/CBM 129}) (
11... b6 $5 12. dxc5 Nd7 13. c6 $6 (13. cxb6 $11) 13... Nf6 14. Nd4 Bd5 15. Bf3
Rc8 16. Bg3 Ne4 17. Nb5 Nxg3 18. hxg3 Bxf3 19. Qxf3 a6 20. c7 Qe8 21. Nd4 e5
22. Nc2 e4 23. Qf4 b5 $17 {1-0 Delchev,A (2625)-Le Roux,J (2512)/France 2010/
CBM 135 Extra (55)}) 12. Rxb7 (12. Ng5 {should be checked, e.g.} Bd5 13. e4 h6
(13... cxd4 $6 14. exd5 d3 15. Bf3) 14. exd5 hxg5 15. Bxg5 cxd4 16. d6 $1 Qa5
$1 17. Bxe7 d3 $1 {, apparently with good counterplay for Black.}) 12... cxd4
$6 {A bit premature.} (12... Bd5 $142 13. Rb2 cxd4 $11) 13. cxd4 (13. Nxd4 $1
Bd5 14. Rb4 (14. Rb5 Nb6) 14... Rc8 15. f3 $14 {[%cal Ye3e4]}) 13... Bd5 14.
Rb4 $1 Nb6 15. Qb1 Qd6 16. Bg3 Qc6 17. Rc1 Rac8 (17... Be4 $142 18. Qb2 Rfc8 {
[%cal Yc4c3]}) 18. a4 (18. Rb5 $1 $14 Be4 $140 19. Qb4) 18... Be4 19. Qa1 c3
20. Ba6 Nd5 $1 21. Bb7 Qf6 $2 {After this move Black loses material without
sufficient compensation. It was better to give up the exchange keeping his
c-pawn and moving it to c2:} (21... Qd7 $1 22. Rb5 c2 $1 23. Nd2 $1 Bd3 $1 24.
Rb3 Bf5 25. Bxc8 Rxc8 $44 {[%cal Yg7h6]} 26. e4 $2 Bh6) 22. Rb5 Rcd8 $6 (22...
e6 23. Bxc8 Rxc8 24. Ne5 $16) 23. Ne5 (23. Bh4 $1 {[%cal Yf3g5] was even
stronger, e.g.} Qe6 (23... Qf5 24. Bxe7) 24. Ng5 Qg4 25. Nxe4 Qxe4 26. Bxe7
Qxe7 27. Bxd5 $18) 23... a6 24. Rc5 Qb6 25. Bxd5 Bxd5 26. Qxc3 Bxe5 27. Bxe5 {
With a pawn up and a superior position, White slowly but steadily wins:} Qb3
28. Qa5 f6 29. Bg3 Bb7 30. Rc7 Rc8 31. h3 Rxc7 32. Rxc7 Re8 33. Qc5 Qd5 34. f3
Qxc5 35. dxc5 Bd5 36. Ra7 Rc8 37. e4 Bb3 38. Bf2 Bxa4 39. Rxe7 Bb5 40. Bd4 Rf8
41. Rc7 a5 (41... Rf7 42. Rc8+ Rf8 43. Rxf8+ Kxf8 44. Bxf6 $18 {_|_}) 42. Rb7
Be8 43. Rb6 f5 44. exf5 gxf5 45. c6 Kf7 46. Bc5 Rg8 47. Rb7+ Ke6 48. Rb8 Bf7
49. c7 Kd7 50. Bb6 Rc8 51. Bxa5 Be6 52. Kf2 1-0

[Event "EU-ch 13th"]
[Site "Plovdiv"]
[Date "2012.03.22"]
[Round "3"]
[White "Andreikin, Dmitry"]
[Black "Maze, Sebastien"]
[Result "1-0"]
[WhiteElo "2689"]
[BlackElo "2577"]
[Annotator "Let's Check Training"]
[PlyCount "63"]
[EventDate "2012.03.20"]
[EventType "swiss"]
[EventRounds "11"]
[EventCountry "BUL"]
[SourceTitle "CBM 148"]
[Source "ChessBase"]
[SourceDate "2012.05.16"]
[SourceVersion "1"]
[SourceVersionDate "2012.05.16"]
[SourceQuality "1"]

1. c4 Nf6 2. d4 g6 3. Nc3 d5 4. Bg5 Ne4 5. Bh4 Nxc3 6. bxc3 Bg7 7. e3 c5 8. Nf3
Nc6 9. Be2 O-O 10. O-O dxc4 11. Bxc4 Bf5 12. Re1 Rc8 13. Rc1 a6 14. d5 Na5 15.
Bf1 Be4 16. c4 Bxf3 17. Qxf3 Qd6 18. Rb1 e5 $6 (18... Be5 19. Qh3 b6 $14) 19.
e4 $16 b6 20. Bg5 Rb8 21. Qa3 Bf6 22. Bd2 Rfc8 23. Rb2 Bd8 24. f4 Bc7 25. f5
Qe7 26. Qh3 Nb7 27. Rb3 Nd6 28. Rg3 Bd8 29. fxg6 fxg6 30. Be2 Rc7 (30... Nxe4
31. Bg4 $18) 31. Rf1 Nxe4 {[%tqu "En","","","","d2h6","",10]} 32. Bh6 $1 1-0

[Event "Astrakhan FIDE GP"]
[Site "Astrakhan"]
[Date "2010.05.10"]
[Round "1"]
[White "Eljanov, Pavel"]
[Black "Svidler, Peter"]
[Result "1/2-1/2"]
[WhiteElo "2751"]
[BlackElo "2735"]
[Annotator "Marin,M"]
[PlyCount "87"]
[EventDate "2010.05.10"]
[EventType "tourn"]
[EventRounds "13"]
[EventCountry "RUS"]
[EventCategory "20"]
[SourceTitle "CBM 137"]
[Source "ChessBase"]
[SourceDate "2010.07.15"]
[SourceVersion "1"]
[SourceVersionDate "2010.07.15"]
[SourceQuality "1"]

1. d4 Nf6 2. c4 g6 3. Nc3 d5 4. Bg5 {Svidler has repeatedly faced this
variation over the past years. Three times, his opponent was Levon Aronian.}
Ne4 5. Bh4 Nxc3 6. bxc3 dxc4 7. e3 Be6 8. Nf3 Bg7 9. Qb1 Qd5 10. Be2 Bf5 11.
Qb2 Nd7 12. O-O Bd3 $5 $146 {This is supposed to be an improvement over two of
the Aronian-Svidler games.} (12... e5 {Aronian,L (2761)-Svidler,P (2742)/
Dortmund 2006/CBM 114/[Krasenkow] (0-1, 47)}) (12... Nb6 13. a4 a5 14. Nd2 Bd3
{Aronian,L (2741)-Svidler,P (2750)/Moscow 2006/CBM 116/[Krasenkow] (0-1, 24)})
13. Bxd3 cxd3 14. Rfd1 Qe4 15. Qb1 c5 16. Rxd3 Rc8 17. a4 e6 18. Rd1 Qc6 19.
Qb5 O-O 20. Rdb1 b6 21. Qxc6 Rxc6 22. a5 $14 {Black has failed to equalize.
White has a strong centre and active play on the queenside.} Rfc8 23. g4 f5 24.
gxf5 exf5 25. axb6 axb6 26. Ra7 R6c7 27. Rba1 b5 28. Rxc7 Rxc7 29. Ra8+ Bf8 30.
Ng5 $6 (30. Be7 $1 {[%cal Ge7d6,Gd4c5,Gf3d4]} Kf7 (30... cxd4 31. Nxd4 $18 {
[%csl Gf8]}) (30... b4 31. Bd6 Rb7 32. dxc5 bxc3 33. Nd4 $18 {[%csl Gf8][%cal
Gc5c6]}) 31. Bxf8 Nxf8 32. Ng5+ Kf6 (32... Ke7 33. Rxf8 $18) 33. h4 $16) 30...
b4 $5 $132 31. cxb4 cxd4 32. Ne6 Rc1+ 33. Kg2 dxe3 34. Nxf8 Nxf8 35. fxe3 (35.
Be7 $4 e2) 35... Kf7 $11 {Black is out of danger already.} 36. Ra7+ Ke6 37.
Re7+ Kd5 38. Bf6 Rb1 39. Rf7 Ne6 40. Rd7+ Ke4 41. Re7 Kd5 42. Rd7+ Ke4 43. Re7
Kd5 44. Rd7+ 1/2-1/2

[Event "USA-ch U16"]
[Site "Saint Louis"]
[Date "2015.07.07"]
[Round "1"]
[White "Harmon Vellotti, Luke"]
[Black "Chandra, Akshat"]
[Result "0-1"]
[WhiteElo "2430"]
[BlackElo "2495"]
[Annotator "Molner,M"]
[PlyCount "70"]
[EventDate "2015.07.07"]
[EventType "tourn"]
[EventRounds "9"]
[EventCountry "USA"]
[EventCategory "6"]
[SourceTitle "CBM 167 Extra"]
[Source "ChessBase"]
[SourceDate "2015.09.14"]
[SourceVersion "1"]
[SourceVersionDate "2015.09.14"]
[SourceQuality "1"]
[WhiteClock "0:04:15"]
[BlackClock "0:05:13"]

1. d4 Nf6 2. c4 g6 3. Nc3 d5 4. Nf3 Bg7 5. Bg5 Ne4 6. Bh4 Nxc3 7. bxc3 dxc4 8.
e3 (8. Qa4+ {is another possibility.}) 8... b5 9. a4 c6 10. Be2 a6 11. O-O Bb7
{'?!'} (11... Nd7 $1 12. Qb1 Nb6 {Good counterplay}) 12. Nd2 (12. Qb1 $1 Ra7 (
12... Qc7 13. Qb4 $1) 13. Qb4) 12... Nd7 13. Bf3 Qc8 (13... O-O {Black should
take the opportunity to castle, with a solid position.}) 14. Qb1 f6 15. Bg4 f5
16. Bf3 (16. Be2 Nf6 $1 {Black is ready to castle, with the preferable chances}
) (16. Bh3 $5 e6 {Black's position is becoming more and more solid, with the
extra pawn giving Black an advantage}) 16... e5 {'!'} 17. Qb4 Bf8 {'!'} 18. Qb2
Bd6 {A critical position where White goes astray} 19. Rfb1 {'?!'} (19. Bg3 {
This move keeps the game very tense, with chances for both sides. It prevents
Black's response from the game, 19... e4}) 19... e4 {'!'} 20. Be2 Rb8 {The
game is slowly turning more and more in Black's favor, with White having less
compensation for the pawn with each move.} 21. f3 exf3 22. Bxf3 Qc7 23. axb5
cxb5 24. Bxb7 Rxb7 25. Rxa6 Bxh2+ 26. Kh1 O-O 27. Qa3 Bg3 28. Bxg3 Qxg3 29.
Nxc4 Nf6 30. Ne5 Ng4 31. Nxg4 fxg4 {'!'} 32. Qd6 Qh4+ 33. Qh2 Qf2 34. Qh6 {'?'}
g3 {'!'} 35. Rg1 Rbf7 {'!' Bringing the last piece into the attack. Black
threatens Qxg1 as well as Rf5. Both threatens win on the spot, so White
resigned. An exciting and spectacular start to the tournament!} 0-1

[Event "World Cup"]
[Site "Khanty-Mansiysk"]
[Date "2009.11.21"]
[Round "1.1"]
[White "Nisipeanu, Liviu Dieter"]
[Black "Lupulescu, Constantin"]
[Result "1-0"]
[WhiteElo "2677"]
[BlackElo "2591"]
[Annotator "Nisipeanu,LD"]
[PlyCount "59"]
[EventDate "2009.11.21"]
[EventType "k.o."]
[EventRounds "7"]
[EventCountry "RUS"]
[SourceTitle "CBM 134"]
[Source "ChessBase"]
[SourceDate "2010.01.18"]
[SourceVersion "1"]
[SourceVersionDate "2010.01.18"]
[SourceQuality "1"]

1. d4 Nf6 2. c4 g6 3. Nf3 Bg7 4. Nc3 d5 5. Bg5 dxc4 {A nice surprise, as I
anticipated that he might try to outsmart me with this less popular move.
Actually this was the reason for my move order, as I could play 3.Nc3 and 4
Bg5, if I wanted to avoid dxc4.} (5... Ne4 {is obviously the main line.}) 6. e4
c5 7. d5 b5 8. d6 $5 {The latest trend.} ({White had little succes lately with
} 8. e5 b4 9. exf6 exf6 10. Qe2+ Kf8 11. Be3 bxc3 12. Bxc5+ Kg8 13. bxc3 Nd7
14. Be7 Qb6 15. Qxc4 f5 {with good compensation for the pawn in the game
Prosviriakov-Nepomniatchtchi 2006.}) 8... Bb7 9. e5 Ne4 10. Nxe4 Bxe4 11. a4 $1
$146 {I would like to take credit for this great move, but unfortunately it
was not my idea.} f6 $6 {Not the best reaction, although I am not sure about
Black's position in any case.} (11... a6 {seems like the best try, but only
future games will show if it is enough, but I seriously doubt it.}) 12. exf6 ({
More precise was} 12. axb5 c3 $1 ({I was afraid of} 12... exd6 13. exf6 Bxf6 {
but after} 14. Bxc4 $1 Bxg5 15. Bd5 Bxd5 16. Qxd5 Nd7 17. Nxg5 $18 {White has
a decisive advantage}) (12... fxg5 13. Nxg5 {is dead lost for Black}) 13. bxc3
(13. exf6 exf6 {transposes to the 13..c3 line}) 13... exd6 14. Be3 {with
advantage to White according to the computer, but it never occurred to me
during the game that the bishop would beat a cowardly retreat from g5!}) 12...
exf6 13. axb5 fxg5 ({After the much stronger} 13... c3 $1 {I would have played
probably} 14. Qe2 (14. Bc1 $1 f5 15. bxc3 Bxc3+ 16. Bd2 Qf6 17. Rc1 Bxd2+ 18.
Qxd2 $14 {is probably how White should play}) 14... O-O 15. Qxe4 cxb2 16. Rd1
Re8 17. Ne5 $1 {I stoped here with my calculations, beeing pleased by this
beautiful move but after} Rxe5 18. Qxe5 fxg5 {the position is unclear.}) 14.
Bxc4 {White has a decisive attack now and the moves are also quite easy to
play.} Kf8 ({I also considered} 14... g4 15. O-O gxf3 16. Re1 $18) 15. O-O Bf6
16. Re1 Bb7 17. Ne5 {Playing it safe.} ({My first intention was} 17. Bd5 $1
Bxd5 18. Qxd5 Nd7 19. Re7 Bxe7 20. dxe7+ {but after} Kxe7 21. Nxg5 Kf6 {
I had no time to find the winning} 22. Ra3 $1) 17... Kg7 18. Nf7 Qc8 19. Be6 (
19. Nxh8 Kxh8 20. Re7 $1 {was more beautiful, but by now I had seen the
winning line which happened in the game and just played it without looking at
anything else.}) 19... Nd7 20. Nxh8 Kxh8 21. Qg4 $18 h5 22. Bxd7 hxg4 23. Bxc8
Rxc8 24. Rxa7 Rb8 (24... Bd5 25. d7 Rd8 26. Re8+ Kg7 27. Rxd8 Bxd8 28. b6 $18)
25. d7 Bd8 26. Re8+ Kg7 27. Rxb7 Rxb7 28. Rxd8 Ra7 29. g3 Ra1+ 30. Kg2 1-0

[Event "Luzern m"]
[Site "Luzern"]
[Date "2008.08.15"]
[Round "1"]
[White "Huebner, Robert"]
[Black "Pelletier, Yannick"]
[Result "1/2-1/2"]
[WhiteElo "2600"]
[BlackElo "2569"]
[Annotator "Pelletier,Y"]
[PlyCount "99"]
[EventDate "2008.08.15"]
[EventType "match"]
[EventRounds "2"]
[EventCountry "SUI"]
[SourceTitle "EXT 2010"]
[Source "ChessBase"]
[SourceDate "2010.11.25"]
[SourceVersion "1"]
[SourceVersionDate "2010.11.25"]
[SourceQuality "1"]

1. d4 Nf6 2. Nf3 g6 3. c4 Bg7 4. Nc3 d5 5. Bg5 Ne4 6. cxd5 Nxg5 7. Nxg5 e6 8.
Nf3 exd5 9. e3 O-O 10. Be2 Qd6 11. O-O c6 12. Ne1 Bf5 {Auf diesen etwas
riskanten Zug reagiert Dr. Hübner konsequent, indem er b7 sofort unter
Beschuss nimmt.} 13. Qb3 $146 Nd7 ({Aktiver als} 13... b6 14. Rc1 Nd7 15. Nd3 {
, wonach sich Schwarz noch organisieren müsste, um c6-c5 durchzusetzen.}) 14.
Qxb7 Rfb8 (14... a5 {zog ich auch in Betracht, aber nach} 15. Qb3 Rfb8 16. Qa3
Qxa3 17. bxa3 {traute ich der schwarzen Kompensation nicht ganz. In
Wirklichkeit sieht die Stellung spielbar aus.}) 15. Qa6 Rxb2 16. Bd3 ({Die
logischen} 16. Nd3 $2 {und 16.Na4? scheitern natürlich an} Nb8 $1 $19) 16...
Rb6 17. Qa5 Be6 {Der strategische Kampf dreht sich nun darum, ob Schwarz den
Zug c5 unter günstigen Umständen durchsetzen kann.} 18. Nc2 Bf8 19. Rfc1 Rbb8 (
{Hier kam ein günstiger Augenblick für den Durchbruch, aber nach} 19... c5 20.
Nb5 Qb8 21. dxc5 Nxc5 22. Be2 {übersah ich den ausgleichenden Zug} Bg4 $1 {
Die Idee des Textzuges besteht darin, das Feld b6 für die Dame freizumachen,
falls sie nach "c5-Nb5" angegriffen wird.}) 20. Rab1 Rxb1 ({Nach} 20... c5 21.
dxc5 (21. Rxb8 Rxb8 22. Qxa7 {ist nicht empfehlenswert, denn Schwarz erhält
mittels} c4 23. Be2 Qc6 24. Qa4 Qxa4 25. Nxa4 Nf6 {starke Initiative}) 21...
Qxc5 22. Qxc5 Nxc5 {wäre das Endspiel ausgeglichen}) 21. Rxb1 c5 22. g3 ({
Sicherer war} 22. dxc5 Nxc5 23. Be2 Bf5 24. Rc1 Nd3 $11) 22... Bg7 ({Beide
Kontrahenten hielten das Erscheinen eines Freibauern auf c4 für ungünstig. Die
Bauern werden nämlich auf Weiß blockiert, wonach der Be6 zum Zauschauer wird.
In Wirklichkeit erhält Schwarz große Aktivität, z.B:} 22... c4 $1 23. Be2 ({
oder} 23. Bf1 Rb8 24. Qxa7 Rxb1 25. Nxb1 Bf5 26. Nba3 Qc6 $5 {(/\ Bxa3 - c3)} (
26... Qb6 27. Qxb6 Nxb6 $44) 27. Qa5 Qb7 {[%cal Gb7b2]} 28. Qc3 Nf6 $36) 23...
Rb8 24. Qxa7 Rxb1+ 25. Nxb1 Bf5 26. Bd1 Nf6 $36) 23. Rb7 cxd4 24. exd4 (24. Nb5
Qc6 25. Rc7 Qb6 26. Qxb6 axb6 27. Ncxd4 Nc5 $11) 24... Qc6 25. Rc7 Qb6 26. Qxb6
Nxb6 27. Nb5 $6 ({Dr. Hübner verpasste hier eine Kleinigkeit. Zum Ausgleich
genügte} 27. Ne2 Bg4 $11) 27... a6 28. Nc3 ({Der Springer muss zurück, denn} 
28. Nd6 {scheitert an} Bf8 29. Rc6 Rb8 30. Nb4 Nc4 31. Nxa6 Rb2 32. Nxc4 dxc4
33. Rxe6 (33. Bxc4 Bh3 $1 $19) 33... fxe6 34. Bxc4 Kf7 $15) 28... Rc8 29. Rxc8+
Bxc8 {Dank seines Läuferpaars besitzt Schwarz leicht bessere Chancen.} 30. Kf1
Kf8 31. Ke2 a5 32. Ke3 Ke7 33. Na1 Nc4+ 34. Bxc4 (34. Kf3 Be6 35. Nb3 Kd6 $15)
34... dxc4 35. Nc2 Be6 36. Ne4 (36. Kd2 Kd6) 36... Bd5 ({Unter leichtem
Zeitdruck begehen beide Kontrahenten Ungenauigkeiten.} 36... f5 37. Nc3 Kd6 $15
) 37. f3 f5 38. Nc3 Kd6 39. f4 Kc6 40. Kd2 Bf7 41. Nd1 Bf8 42. Kc3 Kb5 43. a3
Bd6 44. Nb2 a4 45. Nd1 Bf8 ({Die folgende Erweiterung des Kampffeldes habe ich
nicht einmal in Betracht gezogen! Sie stellt Weiß vor Probleme, trotzdem
reicht sie nicht zum Sieg aus:} 45... g5 $5 46. fxg5 f4 47. Kb2 (47. Kd2 $6
fxg3 48. Nc3+ Ka5 49. hxg3 Bxg3 $17) (47. g4 $6 f3 48. h4 Bg3 49. h5 f2 50.
Nce3 Bf4 51. Nf1 Bxg5 52. Nxf2 Bc1 53. Ne4 Bxa3 54. Ne3 Bf8 {mit guten
Gewinnchancen dank des entfernten Freibauern}) (47. gxf4 Bxf4 48. h4 Bg3 49.
Nde3 {sollte auch zum Ausgleich führen, zumal} Bxh4 $2 {wegen} 50. Nf5 $18 {
unmöglich ist}) 47... fxg3 48. Nc3+ Kb6 $5 (48... Ka5 {wird leichter
neutralisiert mittels} 49. hxg3 Bxg3 50. Nb4 Bf4 51. Nc6+ Ka6 52. Ne5 Bg8 53.
g6 $11) 49. hxg3 Bxg3 50. Nb4 ({auch nach} 50. Nxa4+ Kc7 51. Kc3 Bf4 52. Nb2
Bxg5 53. Ne1 h5 54. Nf3 Be7 55. Nxc4 h4 56. Nce5 {sollte Weiß nicht verlieren})
50... Bh4 51. Ne4 $11) 46. Kd2 Be7 47. Nc3+ Ka5 48. h4 h5 49. Kc1 Bf8 50. Kd2
1/2-1/2

[Event "Rohde op 09th"]
[Site "Sautron"]
[Date "2009.10.30"]
[Round "8"]
[White "Spassov, Liuben"]
[Black "Le Roux, Jean Pierre"]
[Result "0-1"]
[WhiteElo "2434"]
[BlackElo "2474"]
[Annotator "RR"]
[PlyCount "74"]
[EventDate "2009.10.24"]
[EventType "swiss"]
[EventRounds "9"]
[EventCountry "FRA"]
[SourceTitle "EXT 2010"]
[Source "ChessBase"]
[SourceDate "2010.11.25"]
[SourceVersion "1"]
[SourceVersionDate "2010.11.25"]
[SourceQuality "1"]

1. d4 Nf6 {Une partie importante pour le breton en course vers une norme de GMI
} 2. c4 g6 3. Nc3 d5 4. Nf3 Bg7 5. Bg5 Ne4 6. Bf4 (6. cxd5 {La grande ligne}) (
6. Bh4 Nxc3 7. bxc3 dxc4 8. Qa4+ (8. e3)) 6... Nxc3 7. bxc3 dxc4 8. Qa4+ (8. e3
Be6 9. Ng5 {[%cal Gg5e6]} Bd5 10. e4 $44) 8... Nd7 9. e3 O-O 10. Qxc4 c5 (10...
c6) 11. Qa4 cxd4 $1 $146 {une forte amélioration car le K blanc resté au
centre est trés exposé} (11... Nb6 {Anastasian,A (2490)-Epishin,V (2550)
URS-ch U26 Minsk 1990 1/2}) 12. cxd4 e5 $1 13. dxe5 Qc7 $36 {[%csl Rc3,Re1]
[%cal Gc7e5,Gc7c3]} 14. Qd4 (14. Rd1 Qc3+) 14... Nc5 (14... g5 $5 15. Nxg5 Nxe5
$40) 15. Be2 Qa5+ 16. Qd2 Qxd2+ 17. Nxd2 Rd8 18. Nb3 Nxb3 19. axb3 Be6 {
[%csl Rb3]} 20. b4 Bf8 21. Rb1 Rac8 22. O-O Rd2 23. Bf3 b5 {[%csl Rb4][%cal
Gc8c4]} 24. Bb7 Rcc2 25. e4 Rd4 26. Rfd1 Rxd1+ 27. Rxd1 Bxb4 $17 {[%csl Ga7]
[%cal Ga7a1]} 28. Ba6 Bc5 29. Bh6 Bxf2+ 30. Kh1 Bb6 31. Bxb5 Rc5 32. Be2 Rxe5
33. Bf3 g5 34. h3 f6 35. Bh5 $2 Rxe4 36. g4 Rd4 37. Rc1 Bd5+ 0-1